鹿児島県の市町村(1960年) - Statistics

General Stats
  • This quiz has been taken 54 times
  • The average score is 81 of 98
Answer Stats
No. 市町村 備考 % Correct
1 鹿児島市
100%
2 川内市 2004年消滅
100%
3 鹿屋市
97%
6 阿久根市
97%
10 指宿市
97%
4 枕崎市
94%
7 名瀬市 2006年消滅
94%
8 出水市
94%
14 西之表市
94%
15 垂水市
94%
80 熊毛郡 中種子町
94%
81 熊毛郡 南種子町
94%
83 熊毛郡 屋久町 2007年消滅
94%
87 大島郡 宇検村
94%
90 大島郡 龍郷村 1975年昇格
94%
92 大島郡 喜界町
94%
93 大島郡 徳之島町
94%
94 大島郡 天城村 1961年昇格
94%
96 大島郡 和泊町
94%
98 大島郡 与論村 1963年昇格
94%
9 大口市 2008年消滅
91%
11 加世田市 2005年消滅
91%
27 日置郡 市来町 2005年消滅
91%
68 囎唹郡 志布志町 1972年郡改称
91%
70 囎唹郡 大崎町 1972年郡改称
91%
72 肝属郡 東串良町
91%
84 大島郡 三島村 1973年郡変更
91%
85 大島郡 十島村 1973年郡変更
91%
88 大島郡 瀬戸内町
91%
95 大島郡 伊仙村 1962年昇格
91%
97 大島郡 知名町
91%
5 串木野市 2005年消滅
88%
12 国分市 2005年消滅
88%
25 川辺郡 知覧町 2007年消滅
88%
28 日置郡 東市来町 2005年消滅
88%
50 出水郡 長島町
88%
86 大島郡 大和村
88%
20 揖宿郡 頴娃町 2007年消滅
85%
21 揖宿郡 開聞町 2006年消滅
85%
29 日置郡 伊集院町 2005年消滅
85%
41 薩摩郡 薩摩町 2005年消滅
85%
53 姶良郡 姶良町 2010年消滅
85%
60 姶良郡 霧島町 2005年消滅
85%
71 肝属郡 串良町 2006年消滅
85%
82 熊毛郡 上屋久町 2007年消滅
85%
13 谷山市 1967年消滅
82%
18 揖宿郡 喜入町 2004年消滅
82%
19 揖宿郡 山川町 2006年消滅
82%
24 川辺郡 坊津町 2005年消滅
82%
26 川辺郡 川辺町 2007年消滅
82%
30 日置郡 松元町 2004年消滅
82%
45 薩摩郡 下甑村 2004年消滅
82%
46 薩摩郡 鹿島村 2004年消滅
82%
52 姶良郡 加治木町 2010年消滅
82%
61 姶良郡 隼人町 2005年消滅
82%
66 囎唹郡 末吉町 1972年郡改称
82%
76 肝属郡 大根占町 2005年消滅
82%
77 肝属郡 根占町 2005年消滅
82%
22 川辺郡 笠沙町 2005年消滅
79%
23 川辺郡 大浦村 1961年昇格
79%
43 薩摩郡 里村 2004年消滅
79%
44 薩摩郡 上甑村 2004年消滅
79%
47 出水郡 野田村 1975年昇格
79%
49 出水郡 東町 2006年消滅
79%
51 伊佐郡 菱刈町 2008年消滅
79%
58 姶良郡 吉松町 2005年消滅
79%
69 囎唹郡 有明町 1972年郡改称
79%
73 肝属郡 内之浦町 2005年消滅
79%
89 大島郡 住用村 2006年消滅
79%
91 大島郡 笠利村 1961年昇格
79%
16 鹿児島郡 吉田村 1972年昇格
76%
34 日置郡 金峰町 2005年消滅
76%
42 薩摩郡 祁答院町 2004年消滅
76%
48 出水郡 高尾野町 2006年消滅
76%
54 姶良郡 蒲生町 2010年消滅
76%
62 姶良郡 福山町 2005年消滅
76%
63 囎唹郡 大隅町 1972年郡改称
76%
64 囎唹郡 輝北町 1972年郡改称
76%
78 肝属郡 田代村 1961年昇格
76%
79 肝属郡 佐多町 2005年消滅
76%
32 日置郡 日吉町 2005年消滅
73%
33 日置郡 吹上町 2005年消滅
73%
38 薩摩郡 東郷町 2004年消滅
73%
39 薩摩郡 宮之城町 2005年消滅
73%
56 姶良郡 横川町 2005年消滅
73%
65 囎唹郡 財部町 1972年郡改称
73%
31 日置郡 郡山町 2004年消滅
70%
40 薩摩郡 鶴田村 1963年昇格
70%
55 姶良郡 溝辺町 2005年消滅
70%
67 囎唹郡 松山町 1972年郡改称
70%
74 肝属郡 高山町 2005年消滅
70%
75 肝属郡 吾平町 2006年消滅
70%
17 鹿児島郡 西桜島村 1973年昇格
67%
36 薩摩郡 樋脇町 2004年消滅
67%
57 姶良郡 栗野町 2005年消滅
67%
59 姶良郡 牧園町 2005年消滅
67%
35 薩摩郡 高城町 1965年消滅
64%
37 薩摩郡 入来町 2004年消滅
64%
No matching quizzes found
Score Distribution
Percent of People with Each Score
Percentile by Number Answered
Your Score History
You have not taken this quiz